000 01025nam a2200313 a 4500
001
003 DO-SdBNP
005 20240624121841.0
008 130826s2007 ag a 000 0 spa d
020 _a9789507714986
040 _aDO-SdBNP
_bspa
_cBPMSU
082 _a372.7
_bP149n 2007
_222
245 0 0 _aEl país de los números /
_c ilustracines Walter Gómez, Daniel Grifo,
246 1 4 _aEl país de los números :
_b cómo enterder la matemá con lógica e ingenio
250 _a
260 _aColombia :
_b Cultural Librera Americana,
_c200
300 _a352 p. :
_bils. ;
_c27 cm.
490 0 _aBiblioteca Talleres Prácicos
500 _a
590 _aInventariado, 2024/VM
_6
648 4 _a
650 4 _aMatemáticas
_xEnseñanza primaria
_x
650 4 _aJuegos educativos (Matemáticas)
_x
700 1 _aGómez, Walter
_eilustraciones
700 1 _a Grifo, Daniel
_eilustraciones
710 2 _aCultural Librera Américana
910 _aVMateo V. Control de calidad. BPMSU
942 _2ddc
_cBK
999 _c14685
_d14685